000 00502nam a2200193Ia 4500
003 GCL
008 140319s9999 xx 000 0 eng d
040 _aGCL /
_cGCL
082 0 4 _aCH
_b823
_bE M
100 1 _aLYNN, PATTY
245 1 0 _aTHE MAGIC TRAIN /
_cLYNN, PATTY
700 1 _aERENCH, SUSAN MC CLANAHAN
260 _a[S.N] :
_bMC CLANAHAN BOOK COMPANY ،
_c1992
650 0 4 _aENGLISH LITERATURE
650 0 4 _aLITERATURE
650 0 4 _aENGLISH FICTION
650 0 4 _aFICTION
942 _2ddc
_cBK
999 _c14783
_d14783